Регионална библиотека "Любен Каравелов" - Русе

Властители (Запис номер 161659)

MARC детайли
000 -Лидер
Контролно поле с фиксирана дължина 01302nam a2200325 a 4500
003 - Код на организацията, давaща контролен номер
Контролно поле BLK
005 - Дата и час на последна редакция
Контролно поле 20250122145051.0
008 - Елементи от данни с фиксирана дължина
fixed length control field 180410b bul|||||r ||||||| ||bul||
010 ## - Наследен системен номер
LC control number KNG00168989000
040 ## - Източник на каталожния запис
Идентификатор на билиотеката - собственик на записа BLK
041 ## - Код за език
Код за езика на текст/звукозапис или на отделно заглавие Български
Код за езика КДБФ Български
072 #7 - Код за тематичната категория
Код организация bullib
Код за тематична категория К
Текст Краезнание
080 ## - УДК
Текстов определител УДК Българска литература
УДК код - определител по УДК 821.163.2
УДК определител -2
УДК - код + определител 821.163.2-2
100 1# - Редна дума - Автор
Автор Трифонов, Трифон Цанев
Дати, свързани с автора 1866-1926
R(LIN) 313586
139 ## - Редно поле
Редна дума Трифонов, Трифон Цанев
Авторски знак Триф - Т 84
245 10 - Сведения за заглавието
Заглавие Властители
Подзаглавни данни Драмат. поема в стихове в 5 д. (6 сцени)
Редно поле (дума) Т. Ц. Трифонов.
257 ## - Страна на издаване
Страна на създаване/издаване България
260 ## - Област на издателските данни
Място на издаване, разпространение и проч. Русе
Година на издаване 1925
Печатница Русе : печ. Малджиев
300 ## - Физическа характеристика
Страници 80 с.
Илюстрации и др. с портр.
Размери/Мащаб 24 см
380 ## - Жанр
Жанр Худож. лит.
852 ## - Местоположение
Форматна сигнатура Цб 40941
852 ## - Местоположение
Форматна сигнатура К 821.163.2/Т 84 Т
Фондова буква Краезнание
856 4# - Електронен адрес и достъп
Електронен формат pdf - файл
Инструкция (цена за достъп) 0.00
Права за достъп Достъп за регистрирани потребители
Име на файл Властители
Път до файла /url/ http://185.138.176.146:18082/cgi-bin/koha/opac-retrieve-file.pl?id=e7c119782e8d69552f378db684145484
Допълнителна информация (Корица, съдържание, пълен текст, звуков файл, HTML файл) Електронна книга
Информация за съдържанието Властители
856 4# - Електронен адрес и достъп
Електронен формат pdf - файл
Инструкция (цена за достъп) 0.00
Права за достъп disable
999 ## - СИСТЕМНИ КОНТРОЛНИ НОМЕРА
Koha biblionumber 161659
Koha biblioitemnumber 161659
942 ## - АРТИКУЛИ
Вид на библиотечния материал Книги
Скрит в OPAC Не
Периодичен библиозапис Да
Koha issues (borrowed), all copies 1
944 ## - СЪЗДАВАНЕ И РЕДАКЦИЯ на ЗАПИСА
Създаване/Редакция Създаване
Дата на регистрацията/редакция 18.12.2014
Статус, дата на статуса Валя Йорданова
Служител, извършил регистрацията/редакцията 30558
944 ## - СЪЗДАВАНЕ И РЕДАКЦИЯ на ЗАПИСА
Създаване/Редакция Редакция
Дата на регистрацията/редакция 2023-04-12
Служител, извършил регистрацията/редакцията Кети
999 ## - СИСТЕМНИ КОНТРОЛНИ НОМЕРА
Koha biblioitemnumber 161659
999 ## - СИСТЕМНИ КОНТРОЛНИ НОМЕРА
Koha biblioitemnumber 161659
Наличности
Код за отписване Код за изгубен артикул Източник на класификационната схема Код за повреда Коз за рестрикции Код за отдаване Артикулен № Име на библиотеката - собственик Име на библиотеката, в която се намира в момента Статус (Текущо местоположение) Дата на вписване в системата Местоположение - отдел Цена в лева Инвентарен номер Систематично азбучна сигнатура Баркод Номер на екземпляра Цена в евро Служебна бележка Служебен тип на артикула
  Не е изгубен Universal Decimal Classification Не е повреден само за читалня ползва се в читалня 270112 Регионална библиотека "Любен Каравелов" Русе Регионална библиотека "Любен Каравелов" Русе Хранилище 1925-01-01 Основен фонд - ползва се само за читалня 1.00 433025 Цб 40941 120000433025 1 0.51 Вид: Сф Дата: 01.01.1925 Книги
  Не е изгубен Universal Decimal Classification Не е повреден без рестрикции ползва се в читалня 270113 Регионална библиотека "Любен Каравелов" Русе Регионална библиотека "Любен Каравелов" Русе Хранилище 1925-01-01 Основен фонд - ползва се само за читалня 0.72 172481 Цб 40941 120000172481 2 0.37 Вид: Сф Дата: 01.01.1925 Книги
  Не е изгубен Universal Decimal Classification Не е повреден без рестрикции ползва се в читалня 270114 Регионална библиотека "Любен Каравелов" Русе Регионална библиотека "Любен Каравелов" Русе Краезнание 1925-01-01 Краезнание 0.70 9111/66 К 821.163.2/Т 84 Т 900000003377 3 0.36 Вид: Сф Дата: 01.01.1925 Дата инв: 07.11.2017 Бележки инв: К2017 Книги
  Не е изгубен Universal Decimal Classification Не е повреден без рестрикции ползва се в читалня 270115 Регионална библиотека "Любен Каравелов" Русе Регионална библиотека "Любен Каравелов" Русе Краезнание 1925-01-01 Краезнание 0.80 124701 К 821.163.2/Т 84 Т 120000124701 4 0.41 Вид: Сф Дата: 01.01.1925 Дата инв: 15.11.2017 Бележки инв: К2017 Книги
  Не е изгубен Universal Decimal Classification Не е повреден само за читалня ползва се в читалня 944395 Регионална библиотека "Любен Каравелов" Русе Регионална библиотека "Любен Каравелов" Русе Хранилище 2024-06-14 Основен фонд - ползва се само за читалня 10.00 120000909533 Цб 323216 120000909533   5.11   Книги
Vip Innovations Ltd, Rousse, Bulgaria 2025